000 00333nam a22001457a 4500
003 SGT
082 _a617.69
_bS91P
100 _aPhillips, Ralph W>
245 _aSkinner's Science of Dental Materials
250 _a9th Ed.
260 _bPrism
_c199
300 _a597
650 _aDental Materials; Dentistry
942 _2ddc
_cRARE
999 _c33153
_d33153